| 000 | 01604cam a2200385 a 4500 | ||
|---|---|---|---|
| 001 | EDZ0000077311 | ||
| 003 | StDuBDS | ||
| 005 | 20161031105206.0 | ||
| 006 | m||||||||d|||||||| | ||
| 007 | cr ||||||||||| | ||
| 008 | 120418s2007 enk fo| 001|0|eng d | ||
| 020 |
_a9781446215791 (ebook) : _cNo price |
||
| 040 |
_aStDuBDS _beng _cStDuBDS _epn |
||
| 049 | _aAlfaisal Main Library | ||
| 050 | 0 |
_aLB2805 _b.H328 2007 |
|
| 082 | 0 | 4 |
_a371.2 _223 |
| 100 | 1 | _aHarris, Belinda. | |
| 245 | 1 | 0 |
_aSupporting the emotional work of school leaders _h[electronic resource] / _cBelinda Harris. |
| 260 |
_aLondon : _bPaul Chapman, _c2007. |
||
| 300 | _a1 online resource (xi, 193 p.). | ||
| 490 | 1 | _aLeading teachers, leading schools | |
| 504 | _aIncludes bibliographical references and index. | ||
| 520 | 8 | _aThis practical book deals with the emotional and moral dimensions of school leadership. The author sets out the intrapersonal and interpersonal attributes, attitudes and behaviours necessary to develop emotional and moral leadership within the school community. | |
| 521 | _aSpecialized. | ||
| 588 | _aDescription based on print version record. | ||
| 650 | 0 | _aEducational leadership. | |
| 650 | 0 | _aEmotional intelligence. | |
| 650 | 0 | _aSchool management and organization. | |
| 655 | 7 |
_aElectronic books. _2local |
|
| 710 | 2 | _aSage eBooks | |
| 776 | 0 | 8 |
_iPrint version : _z9780761944683 |
| 830 | 0 | _aLeading teachers, leading schools. | |
| 856 | 4 | 0 | _uhttp://ezproxy.alfaisal.edu/login?url=http://sk.sagepub.com/books/supporting-the-emotional-work-of-school-leaders |
| 942 |
_2lcc _cEBOOKS |
||
| 999 |
_c481372 _d481372 |
||